Повесть о житии; Князь Александр Ярославич Невский; История государства Российского; История России с древнейших времен; От Руси до России; Благоверный великий князь Александр Ярославич Невский

Podrobná bibliografie
Hlavní autor: Невский А. Я. Александр
Shrnutí:В футляре.
Jazyk:ruština
Vydáno: Москва, Бизнеском, 2010
TOC:Н. И. Костомаров, Князь Александр Ярославич Невский;
Н. М. Карамзин, История государства Российского;
С. М. Соловьев, История России с древнейших времен;
Л. Н. Гумилев, От Руси до России;
М. И. Хитров, Благоверный великий князь Александр Ярославич Невский;
Edice:Библиотека Генерального Директора. Вечная классика Т. V (XXIX)
Témata:
Médium: Kniha
KOHA link:https://koha.lib.tpu.ru/cgi-bin/koha/opac-detail.pl?biblionumber=188694

MARC

LEADER 00000nam0a2200000 4500
001 188694
005 20260227093049.0
010 |a 9785916630480  |b 1800 экз. 
035 |a (RuTPU)RU\TPU\book\204944 
090 |a 188694 
100 |a 20101213d2010 k y0rusy50 ca 
101 0 |a rus 
102 |a RU 
105 |a a z 001zy 
200 1 |a Повесть о житии  |f А. Я. Невский 
210 |a Москва  |c Бизнеском  |d 2010 
215 |a 274 с.  |c ил.  |e Дайджест 
225 1 |a Библиотека Генерального Директора. Вечная классика  |v Т. V (XXIX) 
300 |a В футляре. 
464 |t Князь Александр Ярославич Невский  |f Н. И. Костомаров 
464 |t История государства Российского  |f Н. М. Карамзин 
464 |t История России с древнейших времен  |f С. М. Соловьев 
464 |t От Руси до России  |f Л. Н. Гумилев 
464 |t Благоверный великий князь Александр Ярославич Невский  |f М. И. Хитров 
600 0 |a Александр Ярославич Невский  |c Великий князь Владимирский и Киевский из династии Рюриковичей  |c князь Новгородский  |f 1219-1263  |2 stltpush  |3 (RuTPU)RU\TPU\pers\5915  |9 1142 
606 |7 ca  |8 rus  |a Деятели политические и государственные  |x Персоналии  |y Россия  |z 13-15 вв.  |9 89006 
610 1 |a Древняя Русь 
610 1 |a русские княжества 
610 1 |a русские князья 
610 1 |a автобиографическая проза 
610 1 |a исторические портреты 
610 1 |a жития 
610 1 |a русские летописи 
686 |a Т3(2)42  |2 rubbk 
700 1 |a Невский  |b А. Я.  |g Александр 
801 1 |a RU  |b 63413507  |c 20101213 
801 2 |a RU  |b 63413507  |c 20111005  |g RCR 
942 |c BK